Đảng bộ và nhân dân Ba Đình phát huy truyền thống Quận Anh hùng của Thủ đô Anh hùng /
Sparad:
| Huvudupphovsman: | |
|---|---|
| Övriga upphovsmän: | |
| Materialtyp: | Artikel |
| Språk: | Vietnamese |
| Ämnen: | |
| Taggar: |
Lägg till en tagg
Inga taggar, Lägg till första taggen!
|
| Thư viện lưu trữ: | Thư viện Trường Đại học Đà Lạt |
|---|
| LEADER | 00972nam a2200325 4500 | ||
|---|---|---|---|
| 001 | DLU090076324 | ||
| 005 | ##20090220 | ||
| 040 | # | # | |a DLU |b vie |
| 041 | # | # | |a vie |
| 044 | # | # | |a vn |
| 100 | # | # | |a Thu Hụê. |
| 245 | # | # | |a Đảng bộ và nhân dân Ba Đình phát huy truyền thống Quận Anh hùng của Thủ đô Anh hùng / |c Thu Hụê, Duy Thi. |
| 653 | # | # | |a Đảng bộ |
| 653 | # | # | |a Giáo dục |
| 653 | # | # | |a Nhân dân |
| 653 | # | # | |a Phong trào thi đua |
| 653 | # | # | |a Quận Ba Đình, Hà Nội |
| 653 | # | # | |a Tuyên truyền |
| 653 | # | # | |a Xây dựng Đảng |
| 700 | # | # | |a Duy Thi. |
| 773 | # | # | |t Tạp chí lịch sử Đảng |g Số 10(167), 2004, tr. 41-43 |
| 920 | # | # | |a Phòng Tạp chí -- Trung tâm Thông tin - Thư viện Trường Đại học Đà Lạt |
| 994 | # | # | |a DLU |
| 900 | # | # | |a True |
| 911 | # | # | |a Lý Thị Hồng Hạnh |
| 925 | # | # | |a G |
| 926 | # | # | |a A |
| 927 | # | # | |a BB |
| 980 | # | # | |a Thư viện Trường Đại học Đà Lạt |